000 00331 a2200157 4500
001 177623
020 _a
040 _cMagnum
100 _aArrabal,jose
240 1 0 _aLendas brasileiras
_lpor
245 1 0 _aLendas brasileiras
362 0 _a1899
440 1 _aPaulinas
697 _aMAGNITO: IJ/LENDAS, FOLCLORE
942 _cBK
999 _c177623
_d177623